1096 1678 1220 1957 1920 1568 1343 1680 1518 1932 1512 1856 1309 1086 1370 1719 1481 1596 1923 1492 1729 1541 1743 1036 1628 1592 1098 1078 1571 1378 1274 1409 1494 1457 1557 1259 1009 1359 1020 1013 1362 1789 1053 1869 1032 1567 1343 1062 1980 1255 1469 1824 1314 1231 1577 1985 1850 1400 1641 1528 1516 1981 1070 1698 1563 1588 1467 1511 1593 1117 1986 1109 1875 1739 1780 1188 1361 1155 1212 1482 1806 1808 1481 1054 1060 1244 1273 1882 1863 1664 1887 1938 1021 1680 1947 1009 1232 1024 1135 BCNSPRNW ULIB Ver.6.0+V

เปลี่ยนเป็นภาษาไทย

Change to English
 แสดงรายละเอียดบรรณานุกรม
  กลับหน้าหลัก

Brief Record : Get Marc (ISO 2709) : E-mail record : QR code < ปิดหน้าต่าง
LEADER : 00000nam 2200000uu 4500
001    13399123042
003     ULIB
008    131128s2555||||th 000 0 tha d
020    ^a9786162142932
090    ^aนว.^bพ187พ ล.39
100 0  ^aพนมเทียน
245 10 ^aเพชรพระอุมา: นาคเทวี เล่ม 3/^cพนมเทียน
250    ^aพิมพ์รวมเล่มครั้งที่ 6
260    ^aกรุงเทพฯ :^bณ บ้านวรรณกรรม,^c2555
300    ^a342 หน้า
505 00 ^a^gล.1-4^tไพรมหากาฬ --^gล.5-8^tดงมรณะ -- ^gล.9-12^tจอมผีดิบมันตรัย -- ^gล.13-16^tอาถรรพณ์นิทรานคร -- ^gล.17-20^tป่าโลกล้านปี -- ^gล.21-24^tแงซายจอมจักรา -- ^gล.25-28^tจอมพราน -- ^gล.29-32^tไอ้งาดำ -- ^gล.33-36^tจิตรางคนางค์-- ^gล.37-40^tนาคเทวี -- ^gล.41-44^tแด่ปางบรรพ์ -- ^gล.45-48^tมงกุฎไพร
650  4 ^aนวนิยายไทย
945    ^p225^l0^i034243
999    ทศพร
รายการนี้ยังไม่มีแท็ก
คุณยังไม่ได้ล็อกอิน คุณสามารถมีกิจกรรมร่วมกับเว็บไซต์ได้ แต่ต้องล็อกอินก่อน ::
  ล็อกอิน

รายการสื่อสารสนเทศ

ลำดับที่ ประเภท เลขเรียก/บาร์โค้ด สถานที่ สถานะ
1. นวนิยาย
นวนิยาย
นว. พ187พ ล.39 ฉ.1 
  Barcode: 034243
ห้องสมุดวิทยาเขตสวรรค์ประชารักษ์
►นวนิยาย
บนชั้น
  ขอยืม

รายการใกล้เคียง
    ผู้แต่ง [พนมเทียน]

    หัวเรื่อง [นวนิยายไทย]

BibComment


ยังไม่เคยถูกคอมเมนท์

คอมเมนท์ทรัพยากรรายการนี้
  คอมเมนท์: เพชรพระอุมา นาคเ..


 Copyright 2026. Bcnsprnw @Library